Noms les plus portés par les Rois de France. - Statistiques

Statistiques générales
  • Ce quiz a été pris 1 126 fois
  • Le résultat moyen est 8 sur 13
Statistiques - réponses
Nombre de fois Nom % Correct
17 Louis
100%
11 Charles
94%
4 Henri
92%
6 Philippe
83%
2 François
76%
3 Clovis
71%
2 Jean
71%
2 Childéric
48%
2 Dagobert
48%
2 Robert
45%
3 Clotaire
42%
2 Thierry
38%
2 Carloman
28%
Aucun quiz correspondant
Distribution des résultats
% des personnes avec chaque résultat
Percentile par nombre de réponses
Votre historique - résultats
Vous n’avez pas pris ce quiz